| 000 | 00360nam a22001457a 4500 | ||
|---|---|---|---|
| 003 | DO-SdBNP | ||
| 005 | 20180215102500.0 | ||
| 008 | 180215b dr||||| |||| 00| 0 spa d | ||
| 040 |
_aBPMSU _bspa _cBPMSU |
||
| 245 | _aPoemas de Juan Sánchez Lamouth | ||
| 300 |
_a23 p. _c22 cm |
||
| 942 |
_2ddc _cBK |
||
| 945 | _ainventariado, 2018 / dg | ||
| 956 |
_adgarcia _b10 |
||
| 999 |
_c13293 _d13293 |
||